<?xml version="1.0" encoding="UTF-8"?>
<marc:record xmlns:marc="http://www.loc.gov/MARC21/slim">
   <marc:leader>00000nam a2200000 a 4500</marc:leader>
   <marc:datafield ind1="1" ind2=" " tag="100">
      <marc:subfield code="a">Fritsch, Valerie</marc:subfield>
      <marc:subfield code="4">aut</marc:subfield>
      <marc:subfield code="e">Verfasser/-in</marc:subfield>
   </marc:datafield>
   <marc:datafield ind1="0" ind2="0" tag="245">
      <marc:subfield code="a">Zitronen</marc:subfield>
   </marc:datafield>
   <marc:datafield ind1="0" ind2="0" tag="245">
      <marc:subfield code="b">Roman | Ein sprachgewaltiges Buch über das Münchhausen-Stellvertreter-Syndrom</marc:subfield>
   </marc:datafield>
   <marc:datafield ind1="0" ind2="0" tag="245">
      <marc:subfield code="c">Valerie Fritsch</marc:subfield>
   </marc:datafield>
   <marc:datafield ind1=" " ind2="1" tag="264">
      <marc:subfield code="a">Berlin</marc:subfield>
      <marc:subfield code="b">Suhrkamp</marc:subfield>
      <marc:subfield code="c">2025</marc:subfield>
   </marc:datafield>
   <marc:datafield ind1=" " ind2=" " tag="250">
      <marc:subfield code="a">1. Auflage</marc:subfield>
   </marc:datafield>
   <marc:datafield ind1="1" ind2=" " tag="520">
      <marc:subfield code="a">Sprachgewaltig, in packenden Bildern und Episoden erzählt Valerie Fritsch von der Ungeheuerlichkeit einer Liebe und über die Abgründe der menschlichen Seele.&#xD;
&#xD;
August Drach wächst in einem Haus am Dorfrand auf, das Hölle und Paradies zugleich ist. Der Vater misshandelt seinen Sohn, Zärtlichkeit hat er nur für die Hunde übrig. Trost findet August bei seiner liebevollen Mutter. Doch als der Vater die Familie verlässt, verwandelt sich ihre Zuwendung: Sie mischt August heimlich Medikamente ins Essen, die ihn schwach und krank machen; von seiner Pflege erhofft sie sich Aufmerksamkeit und Bewunderung. Es sind quälende Jahre, bevor es August gelingt, sich von der Mutter zu befreien und ein selbständiges Leben zu führen. Die erste Liebe zu erfahren. Kann er das Trauma seiner Kindheit überwinden, in der Grausamkeit und Liebe untrennbar zusammengehörten?</marc:subfield>
   </marc:datafield>
   <marc:datafield ind1=" " ind2=" " tag="020">
      <marc:subfield code="a">9783518474792</marc:subfield>
      <marc:subfield code="9">9783518474792</marc:subfield>
   </marc:datafield>
   <marc:datafield ind1=" " ind2=" " tag="041">
      <marc:subfield code="a">ger</marc:subfield>
   </marc:datafield>
   <marc:datafield ind1=" " ind2=" " tag="300">
      <marc:subfield code="a">186 Seiten</marc:subfield>
   </marc:datafield>
</marc:record>
